000 00383cam a22001337a 4500
008 180718b1960 xxu||||| |||| 00| 0 eng d
082 _aA6x56 C436
100 _aChilders, Erskine B.
245 _aCommon sense about the Arab world
_cby Erskine B. Childers
260 _aLondon
_bVictor Gollancz Ltd
_c1960
300 _a191p.
650 _aNationalism --Middle East
650 _aArabs
999 _c434097
_d434097